Language-II : English / (Record no. 167971)

MARC details
000 -LEADER
fixed length control field 00650nam a22002057a 4500
005 - DATE AND TIME OF LATEST TRANSACTION
control field 20190924145624.0
010 ## - LCCN (DPL NO)
LC control number ENG-126529
020 ## - INTERNATIONAL STANDARD BOOK NUMBER
Terms of availability 255.00
International Standard Book Number 9789353167721
035 ## - SYSTEM CONTROL NUMBER
System control number EN-110061
037 ## - SOURCE OF ACQUISITION
Source of stock number/acquisition DBAD/PUB
082 ## - DEWEY DECIMAL CLASSIFICATION NUMBER
Classification number 480
100 ## - MAIN ENTRY--PERSONAL NAME
Personal name Om Prakash
245 ## - TITLE STATEMENT
Title Language-II : English /
Statement of responsibility, etc By Om Prakash [and] Gyan Singh
260 ## - PUBLICATION, DISTRIBUTION, ETC. (IMPRINT)
Place of publication, distribution, etc Chennai
Name of publisher, distributor, etc McGraw Hill Education
Date of publication, distribution, etc 2020
270 ## - ADDRESS
City Chennai
Address 444/1, Sri Ekambara Naicker Industrial Estate, Alapakkam Porur
Postal code 600116
Electronic mail address info.india@mheducation.com
300 ## - PHYSICAL DESCRIPTION
Extent Various p.
Dimensions 22cm,(pbk)
500 ## - GENERAL NOTE
General note Includes index
700 ## - ADDED ENTRY--PERSONAL NAME
Personal name Gyan Singh
942 ## - ADDED ENTRY ELEMENTS (KOHA)
Source of classification or shelving scheme Dewey Decimal Classification
Item type English Books
Classification part 480
Call number suffix OMP
Holdings
Withdrawn status Lost status Not for loan Collection code Home library Current library Date acquired Source of acquisition Cost, normal purchase price Full call number Barcode Copy number Cost, replacement price Koha item type
      Non-fiction Sarojini Nagar Sarojini Nagar 24/09/2019 DBAD/PUB 255.00 480 PRA EN-110061 1 255.00 English Books

© Delhi Public Library
Hit Counter
free hit counter